000 00932nam a2200253Ia 4500
003 OSt
005 20221005105700.0
006 a|||||r|||| 00| 0
007 ta
008 221004b |||||||| |||| 00| 0 hin d
020 _a8181430867 (hbk)
_c125
024 _a96652
037 _b571, 23/03/2009, Vani Prakashan
_cTextual
040 _aCRL
_cCRL
_bhin
041 _2hin
_ahin
082 _aO152,6N291x, P3
100 _aयादव, राजेन्द्र
245 0 _aसांस्कृतिक मोर्चाबन्दी का इतिहास
246 _aSāanskṛutik morchābandī kā itihāsa
260 _aनई दिल्ली
_bवाणी प्रकाशन भारत
_c2003
300 _a160पृ0
_ccm.
942 _hO152,6N291x, P3
_cTEXL
_2cc
999 _c1016558
_d1016558